Southville International School and Colleges
Your cart is empty.
  • Cart
  • Lists
    Public lists Eva Luna New books Lux_list list_1
    Your lists Log in to create your own lists
  • Log in to your account
  • Your cookies
  • Search history
Southville International School and Colleges
  • Advanced search
  • Recent comments
  • Most popular
  • Libraries

Log in to your account

Log in with GOOGLE


If you do not have an external account, but do have a local account, you can still log in:

  1. Home
  2. MARC view: 101 ways to boost your science skills /
Normal view MARC view ISBD view

101 ways to boost your science skills / (Record no. 42316)

[ view plain ]
MARC details
000 -LEADER
fixed length control field 00464nam a2200169Ia 4500
003 - CONTROL NUMBER IDENTIFIER
control field SISC
005 - DATE AND TIME OF LATEST TRANSACTION
control field 20160301155017.0
008 - FIXED-LENGTH DATA ELEMENTS--GENERAL INFORMATION
fixed length control field 140130s9999 xx 000 0 und d
050 ## - LIBRARY OF CONGRESS CALL NUMBER
Classification number Q 163
Item number .H616 1998
100 ## - MAIN ENTRY--PERSONAL NAME
Personal name Hirschfeld, Robert
9 (RLIN) 30552
245 ## - TITLE STATEMENT
Title 101 ways to boost your science skills /
Statement of responsibility, etc Hirschfeld, Robert
260 ## - PUBLICATION, DISTRIBUTION, ETC. (IMPRINT)
Name of publisher, distributor, etc Scholastic,
Date of publication, distribution, etc 1998
Place of publication, distribution, etc New York :
300 ## - PHYSICAL DESCRIPTION
Extent 94 p. :
Other physical details ill. ;
Dimensions 18 cm.
440 ## - SERIES STATEMENT/ADDED ENTRY--TITLE
Volume number/sequential designation 1
9 (RLIN) 30553
942 ## - ADDED ENTRY ELEMENTS (KOHA)
Koha item type Books
Source of classification or shelving scheme Library of Congress Classification
Holdings
Withdrawn status Lost status Source of classification or shelving scheme Damaged status Home library Current library Shelving location Date acquired Total Checkouts Full call number Barcode Date last seen Date checked out Copy number Price effective from Koha item type
    Library of Congress Classification   Luxembourg Library Luxembourg Library High School Section 02/21/2014 1 Q 163 .H616 1998 15611 01/27/2023 01/23/2023 1 02/21/2014 Books

101 ways to boost your science skills /

APA

Hirschfeld R., . (1998). 101 ways to boost your science skills. New York: Scholastic.

Chicago

Hirschfeld Robert, . 1998. 101 ways to boost your science skills. New York: Scholastic.

Harvard

Hirschfeld R., . (1998). 101 ways to boost your science skills. New York: Scholastic.

MLA

Hirschfeld Robert, . 101 ways to boost your science skills. New York: Scholastic. 1998.

  • Place hold
  • Print
  • Cite
  • Add to your cart (remove)
  • Save record
    BIBTEX Dublin Core MARCXML MARC (non-Unicode/MARC-8) MARC (Unicode/UTF-8) MARC (Unicode/UTF-8, Standard) MODS (XML) RIS
  • More searches
    Search for this title in:
    Other Libraries (WorldCat) Other Databases (Google Scholar) Online Stores (Bookfinder.com) Open Library (openlibrary.org)

Exporting to Dublin Core...

SOUTHVILLE LIBRARY

Southville International School and Colleges Library

1281 Tropical Ave. Cor. Luxembourg St., BF Homes International, Las Pinas City

Tel. No. 8256374 / 252358 Loc. 117/146

Powered by Koha